000 00401nam a2200157 4500
003 SEACOMEC
005 20250719105049.0
008 250719b |||||||| |||| 00| 0 eng d
020 _a8183713300
_c320
040 _aSEACOMEC
082 _a621.38275
_bR888ao
100 _aKushal Roy
245 _aAdvanced Optical Fiber Communication
_cRoy, Kushal
260 _aKolkata
_bScitech
_cc2010
942 _cBOOK
999 _c2327
_d2327